00900nam a2200253 a 450000100060000000300080000600500170001400800410003103500190007204000350009104100080012608200220013410000440015624500510020026000470025130000280029849000500032665000230037665000230039983000580042294200120048099900170049295201370050969583BD-RjUL20211209081914.0170412s1963 nyua 001 0 eng d a(BD-RjUL)69795 aBD-RjULbengcBD-RjULdBD-RjUL aeng 223a516bJER 19631 aJenner, William Elliott,d1924-920610410aRudiments of algebraic geometry /cW.E. Jenner aNew York :bOxford University Press,c1963 a104 p. :bill. ;c21 cm aUniversity texts in the mathematical sciences 0aGeometry, 9206105 0aAlgebraic.9206106 0aUniversity texts in the mathematical sciences9206108 2ddccBK c69583d69583 00102ddc40718NFICaRUCLbRUCLcReadingd1964-05-18eZeithingerg24.00l0o516 JER 1963r2017-04-12 00:00:00tC-1w2017-04-12yBK